| 000 | 01066nam0a22002771 4500 | ||
|---|---|---|---|
| 001 | rc\2189168 | ||
| 005 | 20110829163917.9 | ||
| 035 | _a(NLR Aleph) 006612002 | ||
| 090 |
_a7358994 _c7358994 |
||
| 100 | _a20110829g19781979|||y0rusy50 ca | ||
| 101 | 0 | _arus | |
| 102 | _aRU | ||
| 105 | _aa z ||||| | ||
| 200 | 1 |
_aМатематическое обеспечение управляющих вычислительных комплексов _e[Сб. статей] _fПод общ. ред. к. т. н. И.Я. Ландау |
|
| 210 |
_aМосква _cБ. и. _d1978 (вып. дан. 1979) |
||
| 215 |
_a199 с. _cил. _d21 |
||
| 225 | 1 |
_aТруды института _fИн-т электрон. управляющих машин _vВып. 70 |
|
| 320 | _aБиблиогр. в конце статей | ||
| 702 | 1 |
_aЛандау _bИ. Я. _f1929- _gИгорь Яковлевич _4340 |
|
| 801 | 0 |
_aRU _bNLR _gpsbo |
|
| 801 | 1 |
_aRU _bELAR _2rusmarc |
|
| 852 |
_aNLR _jП10/4023 |
||
| 899 |
_aRuMoRGB _jXXIV 264/99 |
||
| 899 |
_aRuMoRGB _jXXIV 264/100 |
||
| 942 | _cBOOK | ||
| 980 | _aNB | ||